| 000 | 02314nam a2200337 a 4500 | ||
|---|---|---|---|
| 001 | ebr10728347 | ||
| 003 | CaPaEBR | ||
| 006 | m o u | ||
| 007 | cr cn||||||||| | ||
| 008 | 130328s2013 enka sb 001 0 eng d | ||
| 010 | _z 2013006413 | ||
| 020 | _z9781444336276 (hardback) | ||
| 020 | _z9781118523759 (e-book) | ||
| 040 |
_aCaPaEBR _cCaPaEBR |
||
| 035 | _a(OCoLC)852158276 | ||
| 050 | 1 | 4 |
_aPN1995.9.F54 _bC725 2013eb |
| 082 | 0 | 4 |
_a791.43/655 _223 |
| 245 | 0 | 2 |
_aA companion to film noir _h[electronic resource] / _cedited by Andrew Spicer and Helen Hanson. |
| 260 |
_aChichester ; _aMalden, Mass. : _bWiley-Blackwell, _c2013. |
||
| 300 |
_axx, 522 p. : _bill. |
||
| 504 | _aIncludes bibliographical references and index. | ||
| 505 | 0 | _apt. 1. Conceptualizing film noir -- pt. 2. Hidden, hybrid, and transmedia histories and influences -- pt. 3. Social, industrial, and commercial contexts -- pt. 4. The fabric of film noir : style and performance -- pt. 5. Identities and film noir -- pt. 6. Noir in other forms -- pt. 7. New geographies of film noir. | |
| 520 |
_a"An authoritative companion that offers a wide-ranging thematic survey of this enduringly popular cultural form and includes scholarship from both established and emerging scholars as well as analysis of film noir's influence on other media including television and graphic novels. Covers a wealth of new approaches to film noir and neo-noir that explore issues ranging from conceptualization to cross-media influences Features chapters exploring the wider 'noir mediascape' of television, graphic novels and radio Reflects the historical and geographical reach of film noir, from the 1920s to the present and in a variety of national cinemas Includes contributions from both established and emerging scholars "-- _cProvided by publisher. |
||
| 533 |
_aElectronic reproduction. _bPalo Alto, Calif. : _cebrary, _d2013. _nAvailable via World Wide Web. _nAccess may be limited to ebrary affiliated libraries. |
||
| 650 | 0 |
_aFilm noir _xHistory and criticism. |
|
| 655 | 7 |
_aElectronic books. _2local |
|
| 700 | 1 |
_aSpicer, Andrew, _d1953- |
|
| 700 | 1 | _aHanson, Helen. | |
| 710 | 2 | _aebrary, Inc. | |
| 856 | 4 | 0 |
_uhttp://site.ebrary.com/lib/rucke/Doc?id=10728347 _zAn electronic book accessible through the World Wide Web; click to view |
| 999 |
_c37172 _d37172 |
||